Transition from Functional to Process Management of the Selected Company

Mapovanie obchodných procesov a vytvorenie procesnej mapy v optimalizovanej forme.

Guardado en:
Detalles Bibliográficos
Autor principal: Nižníková, Zuzana, 1986-
Otros Autores: Manová, Eva, 1957-, Lukáč, Jozef, 1991-, Simonidesová, Jana, 1968-
Formato: Capítulo de libro
Lenguaje:inglés
Materias:
Etiquetas: Agregar Etiqueta
Sin Etiquetas, Sea el primero en etiquetar este registro!

MARC

LEADER 00000naa$a2200000$$$4500
001 0241865
005 20240502073933.9
041 0 |a eng 
044 |a SK 
245 1 0 |a Transition from Functional to Process Management of the Selected Company  |c Zuzana Nižníková, Eva Manová, Jozef Lukáč, Jana Simonidesová 
520 |a Mapovanie obchodných procesov a vytvorenie procesnej mapy v optimalizovanej forme. 
610 2 0 |a riadenie procesné 
610 2 0 |a podnik 
610 2 0 |a manažment finančný 
610 2 0 |a procesy podnikové 
610 2 0 |a meranie 
100 1 |a Nižníková, Zuzana, 1986- 
700 1 |a Manová, Eva, 1957- 
700 1 |a Lukáč, Jozef, 1991- 
700 1 |a Simonidesová, Jana, 1968-